000
00296nam a22001337a 4500
020
_a
8125903100
082
_a
297.4 SHU Vol -1
100
_a
Shuja-Alhaq
245
_a
A Forgotten Vision
260
_a
New delhi
_b
Vikas Publication House
_c
1997
300
_a
389
650
_a
Islam
942
_c
BK
999
_c
20120
_d
20120